000 00675cam a2200193 i 4500
005 20260120093913.0
008 250721s2016 jo gr 000 0 ara d
020 _a9789957991005
082 1 4 _a332.7
_bخ ي ر
100 1 _aخير الله، فرج
_eمؤلف.
245 1 0 _aإدارة الائتمان بالمصارف /
_cالدكتور فرج خير الله.
250 _aالطبعة الأولى.
264 3 1 _aعمان :
_bدار امجد للنشر والتوزيع،
_c2016.
300 _a172 صفحة.
650 1 7 _aالائتمان المصرفي.
650 1 7 _aاقتصاديات المال.
942 _2ddc
_cBK
999 _c136372
_d136372